[Event "GX Alekhine Open de Inverno 2024"]
[Site "Lisboa, Portugal"]
[Date "????.??.??"]
[Round "4.4"]
[White "Bras, Hugo Miguel Pereira"]
[Black "Reis, Luis Simoes Dos"]
[Result "1/2-1/2"]
[WhiteElo "1834"]
[BlackElo "1857"]
[PlyCount "46"]

1. e4 {[%emt 0:04:36]} Nf6 {[%emt 0:01:32]} 2. e5 {[%emt 0:00:13]} Nd5 {[%emt 0:00:14]} 3. d4 {[%emt 0:00:06]} d6 {[%emt 0:00:07]} 4. Nf3 {[%emt 0:00:07]} dxe5 {[%emt 0:00:47]} 5. Nxe5 {[%emt 0:00:10]} c6 {[%emt 0:00:24]} 6. Bc4 {[%emt 0:00:31]} Bf5 {[%emt 0:01:27]} 7. c3 {[%emt 0:02:36]} Nd7 {[%emt 0:00:55]} 8. Nf3 {[%emt 0:01:59]} e6 {[%emt 0:00:03]} 9. O-O {[%emt 0:00:25]} Bd6 {[%emt 0:00:58]} 10. Re1 {[%emt 0:00:17]} O-O {[%emt 0:00:13]} 11. Nbd2 {[%emt 0:00:12]} Re8 {[%emt 0:11:20]} 12. a4 {[%emt 0:01:07]} a5 {[%emt 0:03:13]} 13. Ne4 {[%emt 0:09:46]} Bc7 {[%emt 0:01:42]} 14. Bg5 {[%emt 0:02:29]} Qb8 {[%emt 0:03:27]} 15. Bh4 {[%emt 0:02:14]} Bg4 {[%emt 0:02:31]} 16. Bg3 {[%emt 0:05:31]} Bh5 {[%emt 0:02:57]} 17. Bxc7 Qxc7 {[%emt 0:00:17]} 18. Ng3 {[%emt 0:00:20]} Bg6 {[%emt 0:00:12]} 19. Ne5 {[%emt 0:04:03]} Rad8 {[%emt 0:11:20]} 20. Nxg6 {[%emt 0:00:10]} hxg6 {[%emt 0:00:24]} 21. Bxd5 {[%emt 0:02:19]} exd5 {[%emt 0:01:23]} 22. Nf1 {[%emt 0:00:37]} Nf6 {[%emt 0:01:21]} 23. Ne3 {[%emt 0:00:21]} Re6 {[%emt 0:01:55]} 1/2-1/2

[Event "GX Alekhine Open de Inverno 2024"]
[Site "Lisboa, Portugal"]
[Date "????.??.??"]
[Round "4.1"]
[White "Kakaie, Arman"]
[Black "Silva, Lourenco Santa Clara Rebelo Da"]
[Result "0-1"]
[WhiteElo "1843"]
[BlackElo "1875"]
[PlyCount "50"]

1. d4 {[%emt 0:00:15]} Nf6 {[%emt 0:00:07]} 2. e3 {[%emt 0:01:15]} g6 {[%emt 0:00:17]} 3. Bd3 {[%emt 0:00:24]} Bg7 {[%emt 0:00:10]} 4. f4 {[%emt 0:00:07]} O-O {[%emt 0:00:07]} 5. Nf3 {[%emt 0:00:12]} c5 {[%emt 0:00:04]} 6. c3 {[%emt 0:00:43]} d6 {[%emt 0:00:04]} 7. O-O {[%emt 0:00:14]} cxd4 {[%emt 0:00:05]} 8. exd4 {[%emt 0:00:57]} Bf5 {[%emt 0:00:32]} 9. Kh1 {[%emt 0:09:17]} Nc6 {[%emt 0:03:18]} 10. Bxf5 {[%emt 0:02:35]} gxf5 {[%emt 0:00:06]} 11. d5 {[%emt 0:00:21]} Nb8 {[%emt 0:03:52]} 12. Nd4 {[%emt 0:12:33]} Qd7 {[%emt 0:01:29]} 13. Qd3 {[%emt 0:04:22]} e6 {[%emt 0:05:31]} 14. Nd2 {[%emt 0:14:30]} Na6 {[%emt 0:02:30]} 15. dxe6 {[%emt 0:09:24]} fxe6 {[%emt 0:00:47]} 16. N2f3 {[%emt 0:02:28]} Nc5 {[%emt 0:01:59]} 17. Qe2 {[%emt 0:10:34]} Nce4 {[%emt 0:11:27]} 18. Be3 {[%emt 0:01:21]} Ng4 {[%emt 0:12:40]} 19. Rad1 {[%emt 0:02:56]} Qf7 {[%emt 0:04:05]} 20. Bg1 {[%emt 0:01:03]} e5 {[%emt 0:26:27]} 21. fxe5 {[%emt 0:00:52]} dxe5 {[%emt 0:01:56]} 22. Nc2 {[%emt 0:05:25]} Bh6 {[%emt 0:07:06]} 23. Ne3 {[%emt 0:04:06]} Qh5 {[%emt 0:01:19]} 24. Nxf5 {[%emt 0:07:08]} Qxf5 {[%emt 0:01:10]} 25. Nxe5 Ng3+ 0-1

[Event "GX Alekhine Open de Inverno 2024"]
[Site "Lisboa, Portugal"]
[Date "????.??.??"]
[Round "4.2"]
[White "Goncalves, Samuel Jesus Pereira"]
[Black "Goncalves, Diogo Figueiredo"]
[Result "1-0"]
[WhiteElo "2186"]
[BlackElo "1846"]
[PlyCount "45"]

1. b3 {[%emt 0:05:25]} e5 {[%emt 0:01:06]} 2. Bb2 {[%emt 0:00:13]} Nc6 {[%emt 0:00:07]} 3. c4 {[%emt 0:00:07]} Nf6 {[%emt 0:06:20]} 4. e3 {[%emt 0:00:06]} d5 {[%emt 0:01:27]} 5. cxd5 {[%emt 0:00:09]} Nxd5 {[%emt 0:00:06]} 6. a3 {[%emt 0:00:08]} Bd6 {[%emt 0:05:18]} 7. d3 {[%emt 0:03:03]} O-O {[%emt 0:00:29]} 8. Nf3 {[%emt 0:00:30]} f5 {[%emt 0:02:07]} 9. Nbd2 {[%emt 0:00:27]} Be6 {[%emt 0:13:15]} 10. g3 {[%emt 0:06:02]} Qf6 {[%emt 0:14:04]} 11. Bg2 {[%emt 0:02:18]} Kh8 {[%emt 0:04:27]} 12. O-O {[%emt 0:02:57]} Nde7 {[%emt 0:04:13]} 13. Qc2 {[%emt 0:05:20]} Bg8 {[%emt 0:05:15]} 14. Nc4 {[%emt 0:17:25]} g5 {[%emt 0:18:17]} 15. d4 {[%emt 0:03:19]} Bxc4 {[%emt 0:01:04]} 16. bxc4 {[%emt 0:00:47]} e4 {[%emt 0:03:13]} 17. Nd2 {[%emt 0:00:47]} Ng6 {[%emt 0:04:54]} 18. f3 {[%emt 0:05:13]} exf3 {[%emt 0:02:54]} 19. Rxf3 {[%emt 0:00:20]} g4 {[%emt 0:02:04]} 20. Rf2 {[%emt 0:00:20]} Qg5 {[%emt 0:00:32]} 21. c5 {[%emt 0:03:28]} Be7 {[%emt 0:00:09]} 22. Nc4 {[%emt 0:00:10]} Bf6 {[%emt 0:01:29]} 23. Rxf5 {[%emt 0:01:19]} 1-0

[Event "GX Alekhine Open de Inverno 2024"]
[Site "Lisboa, Portugal"]
[Date "????.??.??"]
[Round "4.3"]
[White "Silva, Reinaldo Joao David Batista Da"]
[Black "Moraes, Antonio Jose Oliveira De"]
[Result "1-0"]
[WhiteElo "1855"]
[BlackElo "1584"]
[PlyCount "89"]

1. Nf3 {[%emt 0:00:26]} Nf6 {[%emt 0:00:42]} 2. g3 {[%emt 0:00:08]} g6 {[%emt 0:00:10]} 3. Bg2 {[%emt 0:00:06]} Bg7 {[%emt 0:00:06]} 4. O-O {[%emt 0:00:08]} O-O {[%emt 0:00:06]} 5. c4 {[%emt 0:00:15]} d6 {[%emt 0:00:11]} 6. d4 {[%emt 0:00:09]} c5 {[%emt 0:00:22]} 7. Nc3 {[%emt 0:00:54]} Nc6 {[%emt 0:02:19]} 8. d5 {[%emt 0:08:00]} Nb8 {[%emt 0:02:06]} 9. Re1 {[%emt 0:06:38]} Bg4 {[%emt 0:09:23]} 10. h3 {[%emt 0:02:17]} Bxf3 {[%emt 0:00:04]} 11. exf3 {[%emt 0:01:01]} Re8 {[%emt 0:07:40]} 12. f4 {[%emt 0:00:32]} Na6 {[%emt 0:09:40]} 13. Rb1 {[%emt 0:09:12]} Nc7 {[%emt 0:01:45]} 14. Qd3 {[%emt 0:23:45]} Nd7 {[%emt 0:03:59]} 15. Ne4 {[%emt 0:04:36]} Rb8 {[%emt 0:08:03]} 16. b4 {[%emt 0:15:13]} cxb4 {[%emt 0:01:12]} 17. Rxb4 {[%emt 0:01:35]} Na6 {[%emt 0:00:04]} 18. Rb1 {[%emt 0:03:17]} Qa5 {[%emt 0:13:11]} 19. Be3 {[%emt 0:03:18]} Ndc5 {[%emt 0:20:34]} 20. Bxc5 {[%emt 0:01:34]} Nxc5 {[%emt 0:00:16]} 21. Nxc5 {[%emt 0:00:11]} dxc5 {[%emt 0:03:45]} 22. Re2 {[%emt 0:00:36]} Qc7 {[%emt 0:00:53]} 23. Rbe1 {[%emt 0:00:56]} Rbd8 {[%emt 0:00:16]} 24. f5 {[%emt 0:00:36]} gxf5 {[%emt 0:02:32]} 25. Qxf5 {[%emt 0:00:10]} Rd6 {[%emt 0:00:07]} 26. Be4 {[%emt 0:02:47]} Rg6 {[%emt 0:02:16]} 27. Kh2 {[%emt 0:01:04]} Qd6 {[%emt 0:02:01]} 28. Bc2 {[%emt 0:01:03]} Bc3 {[%emt 0:03:39]} 29. Rb1 {[%emt 0:01:33]} b6 {[%emt 0:00:09]} 30. Qf3 {[%emt 0:00:11]} Bf6 {[%emt 0:02:43]} 31. Bxg6 {[%emt 0:00:05]} hxg6 32. Rbe1 {[%emt 0:01:51]} Kg7 {[%emt 0:00:06]} 33. Re4 {[%emt 0:01:32]} Rh8 {[%emt 0:00:25]} 34. Qf4 {[%emt 0:00:31]} Qd7 {[%emt 0:00:37]} 35. Qg4 {[%emt 0:00:05]} Qxg4 {[%emt 0:02:01]} 36. Rxg4 {[%emt 0:00:02]} Bc3 {[%emt 0:00:22]} 37. Rxe7 {[%emt 0:01:09]} a5 {[%emt 0:01:52]} 38. Rb7 {[%emt 0:00:05]} Re8 {[%emt 0:06:22]} 39. Rf4 Bf6 40. Rxb6 Be5 41. Rf3 Bd4 42. Rb7 Re2 43. Rbxf7+ Kh6 44. d6 Be5 45. Re3 1-0

[Event "GX Alekhine Open de Inverno 2024"]
[Site "Lisboa, Portugal"]
[Date "????.??.??"]
[Round "5.1"]
[White "Silva, Lourenco Santa Clara Rebelo Da"]
[Black "Goncalves, Samuel Jesus Pereira"]
[Result "1/2-1/2"]
[WhiteElo "1875"]
[BlackElo "2186"]
[PlyCount "133"]

1. e4 {[%emt 0:02:51]} c5 {[%emt 0:00:09]} 2. Nf3 {[%emt 0:00:07]} a6 {[%emt 0:00:07]} 3. c4 {[%emt 0:00:06]} Nc6 {[%emt 0:00:32]} 4. d4 {[%emt 0:00:14]} cxd4 {[%emt 0:00:13]} 5. Nxd4 {[%emt 0:00:02]} e5 {[%emt 0:00:55]} 6. Nc2 {[%emt 0:02:16]} Nf6 {[%emt 0:12:40]} 7. Nc3 {[%emt 0:01:18]} Bc5 {[%emt 0:00:14]} 8. Be3 {[%emt 0:05:11]} Qa5 {[%emt 0:14:15]} 9. Qd2 {[%emt 0:05:11]} O-O {[%emt 0:06:13]} 10. Be2 {[%emt 0:02:34]} Bxe3 {[%emt 0:02:20]} 11. Qxe3 {[%emt 0:03:05]} Nb4 {[%emt 0:25:21]} 12. Nxb4 {[%emt 0:03:49]} Qxb4 {[%emt 0:00:07]} 13. O-O {[%emt 0:03:26]} Qxb2 {[%emt 0:05:47]} 14. a3 {[%emt 0:02:26]} d5 {[%emt 0:10:33]} 15. cxd5 {[%emt 0:02:16]} Nxe4 {[%emt 0:06:01]} 16. Nxe4 {[%emt 0:00:21]} Bf5 {[%emt 0:00:20]} 17. Bd3 {[%emt 0:06:46]} Bxe4 {[%emt 0:00:46]} 18. Qxe4 {[%emt 0:01:11]} f5 {[%emt 0:00:05]} 19. Qb4 {[%emt 0:00:15]} Qxb4 {[%emt 0:00:07]} 20. axb4 {[%emt 0:00:04]} e4 {[%emt 0:00:10]} 21. Bc4 {[%emt 0:00:25]} Kf7 {[%emt 0:00:33]} 22. d6+ {[%emt 0:00:48]} Kf6 {[%emt 0:00:06]} 23. Rfd1 {[%emt 0:00:54]} Rfd8 {[%emt 0:00:41]} 24. Ra5 {[%emt 0:02:37]} Rd7 {[%emt 0:04:34]} 25. b5 {[%emt 0:03:17]} Rc8 {[%emt 0:00:04]} 26. bxa6 {[%emt 0:02:19]} bxa6 {[%emt 0:00:05]} 27. Bxa6 {[%emt 0:00:27]} Rc6 {[%emt 0:00:03]} 28. Bb5 {[%emt 0:00:27]} Rcxd6 {[%emt 0:00:13]} 29. Rxd6+ {[%emt 0:00:05]} Rxd6 {[%emt 0:00:06]} 30. Ra6 {[%emt 0:00:03]} Rxa6 {[%emt 0:00:09]} 31. Bxa6 {[%emt 0:00:05]} g5 {[%emt 0:00:19]} 32. Kf1 {[%emt 0:00:14]} Ke5 {[%emt 0:00:06]} 33. Ke2 {[%emt 0:00:11]} f4 {[%emt 0:00:08]} 34. Bc8 {[%emt 0:00:35]} h5 {[%emt 0:00:08]} 35. h3 {[%emt 0:00:13]} Kf6 {[%emt 0:01:58]} 36. Kd2 {[%emt 0:01:19]} Ke5 {[%emt 0:00:19]} 37. Kc3 {[%emt 0:07:07]} f3 {[%emt 0:04:04]} 38. gxf3 {[%emt 0:01:06]} exf3 {[%emt 0:00:07]} 39. Kd3 {[%emt 0:00:23]} Kf4 {[%emt 0:00:04]} 40. Bd7 {[%emt 0:00:18]} g4 {[%emt 0:00:06]} 41. hxg4 {[%emt 0:00:06]} hxg4 {[%emt 0:00:05]} 42. Bxg4 {[%emt 0:00:12]} Kxg4 {[%emt 0:00:05]} 43. Ke4 {[%emt 0:00:03]} Kg5 {[%emt 0:00:08]} 44. Ke5 {[%emt 0:01:31]} Kg4 {[%emt 0:00:50]} 45. Kd4 {[%emt 0:09:42]} Kf4 {[%emt 0:00:32]} 46. Kd3 {[%emt 0:00:14]} Kf5 {[%emt 0:00:23]} 47. Kd4 {[%emt 0:00:59]} Kf4 {[%emt 0:00:14]} 48. Kd3 {[%emt 0:00:48]} Kf5 {[%emt 0:00:07]} 49. Ke3 {[%emt 0:00:05]} Ke5 {[%emt 0:00:05]} 50. Kxf3 {[%emt 0:00:14]} Kf5 {[%emt 0:00:05]} 51. Ke3 {[%emt 0:00:05]} Ke5 {[%emt 0:00:05]} 52. Kf3 {[%emt 0:00:12]} Kf5 {[%emt 0:00:05]} 53. Kg3 {[%emt 0:00:04]} Kg5 {[%emt 0:00:05]} 54. f4+ {[%emt 0:00:04]} Kf5 {[%emt 0:00:22]} 55. Kf3 {[%emt 0:00:04]} Kf6 {[%emt 0:00:04]} 56. Ke4 {[%emt 0:00:06]} Ke6 {[%emt 0:00:07]} 57. f5+ {[%emt 0:00:03]} Kf6 {[%emt 0:00:08]} 58. Kf4 {[%emt 0:00:04]} Kf7 {[%emt 0:00:08]} 59. Kg5 {[%emt 0:00:05]} Kg7 {[%emt 0:00:06]} 60. f6+ {[%emt 0:00:04]} Kf7 {[%emt 0:00:06]} 61. Kf5 {[%emt 0:00:06]} Kf8 {[%emt 0:00:06]} 62. Kg6 {[%emt 0:00:11]} Kg8 {[%emt 0:00:07]} 63. Kg5 {[%emt 0:00:39]} Kf7 {[%emt 0:00:07]} 64. Kf5 {[%emt 0:00:04]} Kf8 {[%emt 0:00:07]} 65. Ke6 {[%emt 0:00:05]} Ke8 {[%emt 0:00:05]} 66. f7+ {[%emt 0:00:05]} Kf8 {[%emt 0:00:04]} 67. Kf6 {[%emt 0:00:05]} 1/2-1/2

[Event "GX Alekhine Open de Inverno 2024"]
[Site "Lisboa, Portugal"]
[Date "????.??.??"]
[Round "5.4"]
[White "Goncalves, Diogo Figueiredo"]
[Black "Wang, Minqing"]
[Result "0-1"]
[WhiteElo "1846"]
[BlackElo "1928"]
[PlyCount "46"]

1. e4 {[%emt 0:00:11]} c5 {[%emt 0:00:28]} 2. Nf3 {[%emt 0:00:05]} e6 {[%emt 0:00:33]} 3. d4 {[%emt 0:00:06]} cxd4 {[%emt 0:00:04]} 4. Nxd4 {[%emt 0:00:04]} Nc6 {[%emt 0:00:03]} 5. Nc3 {[%emt 0:00:10]} Nf6 {[%emt 0:00:04]} 6. Ndb5 {[%emt 0:00:22]} Bb4 {[%emt 0:00:06]} 7. a3 {[%emt 0:00:15]} Bxc3+ {[%emt 0:00:06]} 8. Nxc3 {[%emt 0:00:06]} d5 {[%emt 0:00:11]} 9. exd5 {[%emt 0:00:24]} Nxd5 {[%emt 0:19:32]} 10. Nxd5 {[%emt 0:01:44]} exd5 {[%emt 0:00:50]} 11. Be2 {[%emt 0:02:02]} O-O {[%emt 0:00:28]} 12. O-O {[%emt 0:00:08]} Be6 {[%emt 0:00:23]} 13. Re1 {[%emt 0:01:21]} Rc8 {[%emt 0:06:40]} 14. Bd3 {[%emt 0:02:31]} Qf6 {[%emt 0:00:27]} 15. Qh5 {[%emt 0:07:43]} h6 {[%emt 0:00:05]} 16. h4 {[%emt 0:04:31]} Rfe8 {[%emt 0:01:02]} 17. Bd2 {[%emt 0:09:07]} b6 {[%emt 0:02:32]} 18. Bc3 {[%emt 0:02:37]} d4 {[%emt 0:00:08]} 19. Bd2 {[%emt 0:00:18]} Red8 {[%emt 0:00:35]} 20. Be4 {[%emt 0:14:36]} Ne5 {[%emt 0:01:19]} 21. f3 {[%emt 0:04:37]} Nc4 {[%emt 0:00:25]} 22. Bc1 {[%emt 0:00:55]} Rc5 {[%emt 0:00:26]} 23. Bg5 {[%emt 0:01:12]} hxg5 {[%emt 0:00:07]} 0-1

[Event "GX Alekhine Open de Inverno 2024"]
[Site "Lisboa, Portugal"]
[Date "????.??.??"]
[Round "5.2"]
[White "Kakaie, Arman"]
[Black "Silva, Reinaldo Joao David Batista Da"]
[Result "1-0"]
[WhiteElo "1843"]
[BlackElo "1855"]
[PlyCount "125"]

1. d4 {[%emt 0:02:12]} Nf6 {[%emt 0:00:16]} 2. c4 {[%emt 0:00:06]} e6 {[%emt 0:00:10]} 3. Nf3 {[%emt 0:00:09]} h6 {[%emt 0:00:53]} 4. g3 {[%emt 0:00:05]} Bb4+ {[%emt 0:00:02]} 5. Bd2 {[%emt 0:00:08]} Be7 {[%emt 0:00:06]} 6. Bg2 {[%emt 0:00:03]} O-O {[%emt 0:00:04]} 7. Nc3 {[%emt 0:00:01]} d5 {[%emt 0:00:12]} 8. cxd5 {[%emt 0:07:17]} exd5 {[%emt 0:00:08]} 9. O-O {[%emt 0:00:11]} c6 {[%emt 0:03:44]} 10. Qc2 {[%emt 0:03:42]} Re8 {[%emt 0:08:23]} 11. Bf4 {[%emt 0:02:24]} Nbd7 {[%emt 0:10:10]} 12. Rfe1 {[%emt 0:05:56]} Nf8 {[%emt 0:02:52]} 13. a3 {[%emt 0:08:16]} Ne6 {[%emt 0:04:19]} 14. Bd2 {[%emt 0:08:54]} Qb6 {[%emt 0:18:38]} 15. e3 {[%emt 0:00:54]} Bd6 {[%emt 0:05:09]} 16. b4 {[%emt 0:01:58]} Qd8 {[%emt 0:08:45]} 17. e4 {[%emt 0:09:04]} dxe4 {[%emt 0:04:01]} 18. Nxe4 {[%emt 0:00:23]} Be7 {[%emt 0:00:37]} 19. Nxf6+ {[%emt 0:08:47]} Bxf6 {[%emt 0:00:18]} 20. Bc3 {[%emt 0:00:43]} Nc7 {[%emt 0:05:37]} 21. Ne5 {[%emt 0:06:32]} Nd5 {[%emt 0:02:21]} 22. Rad1 {[%emt 0:01:58]} Be6 {[%emt 0:02:31]} 23. f4 {[%emt 0:02:38]} a5 {[%emt 0:01:35]} 24. bxa5 {[%emt 0:10:55]} Nxc3 {[%emt 0:00:43]} 25. Qxc3 {[%emt 0:00:40]} Qxa5 {[%emt 0:00:22]} 26. Qxa5 {[%emt 0:01:36]} Rxa5 {[%emt 0:00:02]} 27. Rb1 {[%emt 0:01:40]} Ra7 {[%emt 0:02:39]} 28. Red1 {[%emt 0:04:03]} Rd8 {[%emt 0:02:17]} 29. Be4 {[%emt 0:03:07]} g6 {[%emt 0:01:11]} 30. Rb6 {[%emt 0:01:43]} Bd5 {[%emt 0:07:36]} 31. Bxd5 {[%emt 0:00:52]} Rxd5 {[%emt 0:00:12]} 32. Rd3 {[%emt 0:01:29]} Bxe5 {[%emt 0:02:30]} 33. fxe5 {[%emt 0:00:02]} c5 {[%emt 0:00:27]} 34. e6 {[%emt 0:03:42]} fxe6 {[%emt 0:04:23]} 35. Rxe6 {[%emt 0:00:18]} Kf7 {[%emt 0:01:26]} 36. Re4 {[%emt 0:01:30]} b5 {[%emt 0:00:31]} 37. Rf3+ {[%emt 0:00:29]} Kg7 {[%emt 0:01:49]} 38. dxc5 {[%emt 0:00:27]} Rxc5 {[%emt 0:00:01]} 39. Kg2 {[%emt 0:00:40]} Rc2+ {[%emt 0:00:11]} 40. Kh3 {[%emt 0:01:01]} h5 {[%emt 0:00:38]} 41. g4 {[%emt 0:00:46]} hxg4+ {[%emt 0:01:05]} 42. Rxg4 {[%emt 0:00:05]} Rc4 {[%emt 0:00:49]} 43. Rxc4 {[%emt 0:00:47]} bxc4 {[%emt 0:00:02]} 44. Rc3 {[%emt 0:00:01]} Ra4 {[%emt 0:00:48]} 45. Kg4 {[%emt 0:00:06]} Kf6 {[%emt 0:00:01]} 46. Kf4 {[%emt 0:00:14]} Ke6 {[%emt 0:00:40]} 47. Ke4 {[%emt 0:00:08]} Kd6 {[%emt 0:00:09]} 48. Kd4 {[%emt 0:00:09]} g5 {[%emt 0:01:02]} 49. h3 {[%emt 0:00:07]} Ke6 {[%emt 0:00:16]} 50. Kc5 {[%emt 0:00:32]} Kf5 {[%emt 0:00:49]} 51. Kb5 {[%emt 0:01:02]} Ra8 {[%emt 0:00:18]} 52. a4 {[%emt 0:00:47]} g4 {[%emt 0:00:57]} 53. hxg4+ {[%emt 0:00:23]} Kxg4 {[%emt 0:00:02]} 54. Rxc4+ {[%emt 0:00:12]} Kf5 {[%emt 0:00:02]} 55. a5 {[%emt 0:00:54]} Ke6 {[%emt 0:00:08]} 56. Rd4 {[%emt 0:00:33]} Rb8+ {[%emt 0:00:19]} 57. Kc6 {[%emt 0:01:14]} Rb3 {[%emt 0:01:08]} 58. Re4+ {[%emt 0:01:11]} Kf5 {[%emt 0:00:07]} 59. Ra4 {[%emt 0:00:10]} Rc3+ {[%emt 0:00:15]} 60. Kb5 {[%emt 0:00:43]} Ke6 {[%emt 0:02:21]} 61. a6 {[%emt 0:00:16]} Rc8 {[%emt 0:01:26]} 62. a7 {[%emt 0:00:16]} Ra8 {[%emt 0:00:26]} 63. Kc6 {[%emt 0:00:09]} 1-0

[Event "GX Alekhine Open de Inverno 2024"]
[Site "Lisboa, Portugal"]
[Date "????.??.??"]
[Round "5.3"]
[White "Bras, Hugo Miguel Pereira"]
[Black "Lucio, Jorge Manuel Rodrigues"]
[Result "1-0"]
[WhiteElo "1834"]
[BlackElo "1774"]
[PlyCount "83"]

1. e4 {[%emt 0:00:14]} e6 {[%emt 0:00:16]} 2. d4 {[%emt 0:00:08]} d5 {[%emt 0:00:18]} 3. exd5 {[%emt 0:00:11]} exd5 {[%emt 0:00:10]} 4. Nf3 {[%emt 0:00:10]} Bd6 {[%emt 0:00:48]} 5. c4 {[%emt 0:00:14]} c6 {[%emt 0:05:24]} 6. Bd3 {[%emt 0:00:03]} Qe7+ {[%emt 0:01:33]} 7. Be3 {[%emt 0:00:46]} Nf6 {[%emt 0:03:23]} 8. O-O {[%emt 0:00:04]} O-O {[%emt 0:00:36]} 9. h3 {[%emt 0:00:09]} Be6 {[%emt 0:08:26]} 10. c5 {[%emt 0:04:50]} Bc7 {[%emt 0:00:22]} 11. Nc3 {[%emt 0:01:56]} Re8 {[%emt 0:10:25]} 12. Re1 {[%emt 0:00:48]} Nbd7 {[%emt 0:01:44]} 13. Ng5 {[%emt 0:02:37]} Nf8 {[%emt 0:04:08]} 14. b4 {[%emt 0:03:25]} Rad8 {[%emt 0:01:59]} 15. b5 {[%emt 0:00:09]} Bb8 {[%emt 0:01:22]} 16. a4 {[%emt 0:11:21]} Qc7 {[%emt 0:06:11]} 17. Nf3 {[%emt 0:01:55]} N8d7 {[%emt 0:04:49]} 18. a5 {[%emt 0:01:21]} Re7 {[%emt 0:02:27]} 19. Ne2 {[%emt 0:06:00]} Qc8 {[%emt 0:13:45]} 20. a6 {[%emt 0:01:15]} b6 {[%emt 0:01:11]} 21. Rc1 {[%emt 0:03:03]} bxc5 {[%emt 0:10:33]} 22. dxc5 {[%emt 0:01:34]} cxb5 {[%emt 0:01:16]} 23. Bxb5 {[%emt 0:01:12]} Ne4 {[%emt 0:00:53]} 24. Qd4 {[%emt 0:08:10]} h6 {[%emt 0:11:00]} 25. Qb4 {[%emt 0:05:59]} Rde8 {[%emt 0:01:40]} 26. c6 {[%emt 0:01:58]} Ne5 {[%emt 0:01:05]} 27. Ned4 {[%emt 0:03:33]} Bd6 {[%emt 0:01:11]} 28. Qc3 {[%emt 0:03:19]} Rc7 {[%emt 0:00:38]} 29. Qc2 {[%emt 0:02:33]} Bxh3 {[%emt 0:00:37]} 30. Nxe5 {[%emt 0:08:29]} Bxe5 {[%emt 0:00:32]} 31. gxh3 {[%emt 0:02:42]} Qxh3 {[%emt 0:00:27]} 32. f3 {[%emt 0:05:30]} Bxd4 {[%emt 0:00:51]} 33. Qg2 {[%emt 0:02:31]} Qxg2+ {[%emt 0:01:07]} 34. Kxg2 {[%emt 0:00:18]} Bxe3 {[%emt 0:00:31]} 35. Rxe3 {[%emt 0:00:10]} Nd6 {[%emt 0:00:39]} 36. Rxe8+ {[%emt 0:03:16]} Nxe8 {[%emt 0:00:01]} 37. Rb1 {[%emt 0:00:25]} Kf8 {[%emt 0:00:51]} 38. Kf2 {[%emt 0:02:30]} Nd6 {[%emt 0:00:37]} 39. Ba4 {[%emt 0:00:40]} Nc4 {[%emt 0:00:53]} 40. Rb7 {[%emt 0:00:42]} Re7 {[%emt 0:01:06]} 41. c7 {[%emt 0:00:13]} Nd6 {[%emt 0:01:55]} 42. Rb8+ {[%emt 0:00:09]} 1-0

[Event "GX Alekhine Open de Inverno 2024"]
[Site "Lisboa, Portugal"]
[Date "????.??.??"]
[Round "6.4"]
[White "Dias, Antonio Alberto"]
[Black "Pinto, Antonio Manuel Fontelas Nogueira ParaÃ­so"]
[Result "1-0"]
[WhiteElo "1783"]
[BlackElo "1700"]
[PlyCount "35"]

1. d4 {[%emt 0:00:17]} Nf6 {[%emt 0:00:08]} 2. Nc3 {[%emt 0:00:21]} d5 {[%emt 0:00:06]} 3. Bg5 {[%emt 0:00:25]} Bf5 {[%emt 0:04:04]} 4. f3 {[%emt 0:01:43]} c6 {[%emt 0:07:14]} 5. e3 {[%emt 0:01:00]} e6 {[%emt 0:06:15]} 6. e4 {[%emt 0:00:46]} dxe4 {[%emt 0:02:36]} 7. fxe4 {[%emt 0:00:15]} Bg6 {[%emt 0:01:12]} 8. e5 {[%emt 0:00:27]} Bh5 {[%emt 0:00:57]} 9. Bxf6 {[%emt 0:00:24]} gxf6 {[%emt 0:00:45]} 10. Qxh5 {[%emt 0:00:32]} Qxd4 {[%emt 0:00:27]} 11. Nf3 {[%emt 0:03:43]} Qb4 {[%emt 0:02:05]} 12. O-O-O {[%emt 0:01:00]} Be7 {[%emt 0:05:06]} 13. Rd4 {[%emt 0:02:13]} Qa5 {[%emt 0:01:06]} 14. Bc4 {[%emt 0:00:31]} Rf8 {[%emt 0:02:26]} 15. Bxe6 {[%emt 0:03:23]} Bb4 {[%emt 0:00:31]} 16. Ne4 {[%emt 0:03:16]} Be7 {[%emt 0:04:23]} 17. Rhd1 {[%emt 0:03:32]} a6 {[%emt 0:03:15]} 18. a3 {[%emt 0:01:12]} 1-0

[Event "GX Alekhine Open de Inverno 2024"]
[Site "Lisboa, Portugal"]
[Date "????.??.??"]
[Round "6.2"]
[White "Morais, Vitor Mestre"]
[Black "Kakaie, Arman"]
[Result "0-1"]
[WhiteElo "1874"]
[BlackElo "1843"]
[PlyCount "68"]

1. Nf3 {[%emt 0:42:24]} d5 {[%emt 0:02:26]} 2. d4 {[%emt 0:00:11]} e6 {[%emt 0:00:09]} 3. Bf4 {[%emt 0:00:08]} f5 {[%emt 0:02:29]} 4. e3 {[%emt 0:00:07]} Nf6 {[%emt 0:00:04]} 5. Bd3 {[%emt 0:00:36]} Bd6 {[%emt 0:00:37]} 6. Bg3 {[%emt 0:00:13]} O-O {[%emt 0:00:14]} 7. Ne5 {[%emt 0:00:20]} Ne4 {[%emt 0:01:04]} 8. c4 {[%emt 0:00:31]} Bb4+ {[%emt 0:02:10]} 9. Kf1 {[%emt 0:00:11]} Bd6 {[%emt 0:15:48]} 10. cxd5 {[%emt 0:02:11]} exd5 {[%emt 0:00:20]} 11. Nc3 {[%emt 0:00:17]} c6 {[%emt 0:00:27]} 12. f4 {[%emt 0:00:32]} Bxe5 {[%emt 0:00:41]} 13. dxe5 {[%emt 0:00:58]} Qb6 {[%emt 0:01:47]} 14. Qe2 {[%emt 0:01:01]} Be6 {[%emt 0:00:51]} 15. Rc1 {[%emt 0:00:53]} Nd7 {[%emt 0:00:26]} 16. Nxe4 {[%emt 0:01:23]} fxe4 {[%emt 0:00:40]} 17. Bb1 {[%emt 0:00:11]} Nxe5 {[%emt 0:00:46]} 18. b3 {[%emt 0:01:28]} Rad8 {[%emt 0:11:23]} 19. h3 {[%emt 0:03:10]} Bf5 {[%emt 0:06:54]} 20. Bh4 {[%emt 0:01:14]} Rde8 {[%emt 0:05:53]} 21. Kg1 {[%emt 0:01:57]} Nd3 {[%emt 0:01:10]} 22. Rf1 {[%emt 0:00:13]} d4 {[%emt 0:05:15]} 23. exd4 {[%emt 0:00:12]} Qxd4+ {[%emt 0:00:26]} 24. Kh2 {[%emt 0:00:09]} e3 {[%emt 0:09:11]} 25. Bg3 {[%emt 0:02:05]} Nb4 {[%emt 0:04:24]} 26. Rd1 {[%emt 0:00:49]} Qf6 {[%emt 0:01:50]} 27. Rhe1 {[%emt 0:01:14]} Bxb1 {[%emt 0:00:32]} 28. Rxb1 {[%emt 0:00:08]} Nd5 {[%emt 0:00:34]} 29. Qc4 {[%emt 0:01:20]} h5 {[%emt 0:02:13]} 30. Kh1 {[%emt 0:01:11]} h4 {[%emt 0:00:33]} 31. Bh2 {[%emt 0:00:08]} Kh8 {[%emt 0:01:18]} 32. Rbd1 {[%emt 0:03:20]} Qc3 {[%emt 0:03:50]} 33. Rxd5 {[%emt 0:00:25]} Qxe1+ {[%emt 0:00:56]} 34. Bg1 {[%emt 0:00:43]} cxd5 {[%emt 0:00:41]} 0-1